<?xml version="1.0" encoding="UTF-8"?>
<record
    xmlns:xsi="http://www.w3.org/2001/XMLSchema-instance"
    xsi:schemaLocation="http://www.loc.gov/MARC21/slim http://www.loc.gov/standards/marcxml/schema/MARC21slim.xsd"
    xmlns="http://www.loc.gov/MARC21/slim">

  <leader>01365nam a2200253 a 4500</leader>
  <controlfield tag="001">38811</controlfield>
  <controlfield tag="003">BD-RjUL</controlfield>
  <controlfield tag="005">20211209052850.0</controlfield>
  <controlfield tag="008">160302s1996    bg ||||| |||| 00| 0 ben d</controlfield>
  <datafield tag="020" ind1=" " ind2=" ">
    <subfield code="a">9848185003</subfield>
  </datafield>
  <datafield tag="035" ind1=" " ind2=" ">
    <subfield code="a">(BD-RjUL)38920</subfield>
  </datafield>
  <datafield tag="040" ind1=" " ind2=" ">
    <subfield code="a">BD-RjUL</subfield>
    <subfield code="b">ben</subfield>
    <subfield code="c">BD-RjUL</subfield>
    <subfield code="d">BD-RjUL</subfield>
  </datafield>
  <datafield tag="041" ind1=" " ind2=" ">
    <subfield code="a">ben</subfield>
  </datafield>
  <datafield tag="082" ind1=" " ind2=" ">
    <subfield code="2">23</subfield>
    <subfield code="a">305.9083</subfield>
    <subfield code="b">RAD 1996</subfield>
  </datafield>
  <datafield tag="100" ind1=" " ind2=" ">
    <subfield code="a">&#x9B0;&#x9B9;&#x9AE;&#x9BE;&#x9A8;, &#x9AB;&#x9BE;&#x9B0;&#x9B9;&#x9BE;&#x9A8;&#x9BE;</subfield>
    <subfield code="9">119716</subfield>
  </datafield>
  <datafield tag="245" ind1=" " ind2=" ">
    <subfield code="a">&#x9A6;&#x9C3;&#x9B7;&#x9CD;&#x99F;&#x9BF; &#x9AA;&#x9CD;&#x9B0;&#x9A4;&#x9BF;&#x9AC;&#x9A8;&#x9CD;&#x9A7;&#x9C0;&#x9A6;&#x9C7;&#x9B0; &#x9A8;&#x9BF;&#x9B0;&#x9BE;&#x9AA;&#x9A6; &#x99A;&#x9B2;&#x9BE;&#x99A;&#x9B2; :</subfield>
    <subfield code="b">&#x9AA;&#x9CD;&#x9B0;&#x9B6;&#x9BF;&#x995;&#x9CD;&#x9B7;&#x995;, &#x9AA;&#x9C1;&#x9A8;&#x9B0;&#x9CD;&#x9AC;&#x9BE;&#x9B8;&#x9A8; &#x995;&#x9B0;&#x9CD;&#x9AE;&#x9C0; &#x993; &#x9A6;&#x9C3;&#x9B7;&#x9CD;&#x99F;&#x9BF; &#x9AA;&#x9CD;&#x9B0;&#x9A4;&#x9BF;&#x9AC;&#x9A8;&#x9CD;&#x9A7;&#x9C0;&#x9A6;&#x9C7;&#x9B0; &#x9AA;&#x9BF;&#x9A4;&#x9BE;&#x9AE;&#x9BE;&#x9A4;&#x9BE;&#x9B0; &#x99C;&#x9A8;&#x9CD;&#x9AF; &#x98F;&#x995;&#x99F;&#x9BF; &#x9A8;&#x9BF;&#x9B0;&#x9CD;&#x9A6;&#x9C7;&#x9B6;&#x9BF;&#x995;&#x9BE; /</subfield>
    <subfield code="c">&#x9AB;&#x9BE;&#x9B0;&#x9B9;&#x9BE;&#x9A8;&#x9BE; &#x9B0;&#x9B9;&#x9AE;&#x9BE;&#x9A8;, &#x9AE;&#x9A8;&#x9B8;&#x9C1;&#x9B0; &#x986;&#x9B9;&#x9AE;&#x9C7;&#x9A6; &#x99A;&#x9CC;&#x9A7;&#x9C1;&#x9B0;&#x9C0;</subfield>
  </datafield>
  <datafield tag="260" ind1=" " ind2=" ">
    <subfield code="a">&#x9A2;&#x9BE;&#x995;&#x9BE;:</subfield>
    <subfield code="b">&#x9AE;&#x9A8;&#x9B8;&#x9C1;&#x9B0; &#x986;&#x9B9;&#x9AE;&#x9C7;&#x9A6; &#x99A;&#x9CC;&#x9A7;&#x9C1;&#x9B0;&#x9C0;,</subfield>
    <subfield code="c">&#x9E7;&#x9EF;&#x9EF;&#x9EC;</subfield>
  </datafield>
  <datafield tag="300" ind1=" " ind2=" ">
    <subfield code="a">&#x9EB;&#x9EB; &#x9AA;&#x9C3;.:</subfield>
    <subfield code="b">&#x99A;&#x9BF;&#x9A4;&#x9CD;&#x9B0;;</subfield>
    <subfield code="c">&#x9E8;&#x9ED; &#x9B8;&#x9C7;&#x9AE;&#x9BF;.</subfield>
  </datafield>
  <datafield tag="504" ind1=" " ind2=" ">
    <subfield code="a">&#x9B8;&#x9B9;&#x9BE;&#x9AF;&#x9BC;&#x995; &#x9AA;&#x9C1;&#x9B8;&#x9CD;&#x9A4;&#x9BF;&#x995;&#x9BE;: &#x9AA;&#x9C3;. &#x9EB;&#x9EB;</subfield>
  </datafield>
  <datafield tag="650" ind1=" " ind2=" ">
    <subfield code="a">&#x985;&#x9A8;&#x9CD;&#x9A7;</subfield>
    <subfield code="x">&#x993;&#x9B0;&#x9BF;&#x9AF;&#x9BC;&#x9C7;&#x9A8;&#x9CD;&#x99F;&#x9C7;&#x9B6;&#x9A8; &#x993; &#x9AE;&#x9CB;&#x9AC;&#x9BF;&#x9B2;&#x9BF;&#x99F;&#x9BF;</subfield>
    <subfield code="9">119717</subfield>
  </datafield>
  <datafield tag="650" ind1=" " ind2=" ">
    <subfield code="a">Blind</subfield>
    <subfield code="x">orientation and Mobility</subfield>
    <subfield code="9">119718</subfield>
  </datafield>
  <datafield tag="700" ind1=" " ind2=" ">
    <subfield code="a">&#x99A;&#x9CC;&#x9A7;&#x9C1;&#x9B0;&#x9C0;, &#x9AE;&#x9A8;&#x9B8;&#x9C1;&#x9B0; &#x986;&#x9B9;&#x9AE;&#x9C7;&#x9A6; , &#x9AF;&#x9C1;&#x997;&#x9CD;&#x9AE; &#x9B2;&#x9C7;&#x996;&#x995;</subfield>
    <subfield code="9">119719</subfield>
  </datafield>
  <datafield tag="942" ind1=" " ind2=" ">
    <subfield code="2">ddc</subfield>
    <subfield code="c">BK</subfield>
  </datafield>
  <datafield tag="999" ind1=" " ind2=" ">
    <subfield code="c">38811</subfield>
    <subfield code="d">38811</subfield>
  </datafield>
  <datafield tag="952" ind1=" " ind2=" ">
    <subfield code="0">0</subfield>
    <subfield code="1">0</subfield>
    <subfield code="2">ddc</subfield>
    <subfield code="4">0</subfield>
    <subfield code="7">1</subfield>
    <subfield code="8">NFIC</subfield>
    <subfield code="a">RUCL</subfield>
    <subfield code="b">RUCL</subfield>
    <subfield code="c">Reading</subfield>
    <subfield code="d">1996-12-01</subfield>
    <subfield code="e">Author</subfield>
    <subfield code="g">0.00</subfield>
    <subfield code="l">0</subfield>
    <subfield code="o">B 305.9083 RAD 1996</subfield>
    <subfield code="r">2016-03-02 00:00:00</subfield>
    <subfield code="t">C-1</subfield>
    <subfield code="w">2021-12-09</subfield>
    <subfield code="y">BK</subfield>
  </datafield>
</record>
